| 000 | 00433nam a2200157 i 4500 | ||
|---|---|---|---|
| 001 | bg | ||
| 245 | 0 |
_aAlgorithms, software and hardware of parallel computers / _ced. by J. Mikloško and V. E. Kotov. |
|
| 260 |
_aBerlin ; _aBratislava, _c1984. |
||
| 700 | 1 |
_aMikloško, J. _eRed. |
|
| 700 | 1 |
_aKotov, V. E. _eRed. |
|
| 040 | _cBPK | ||
| 041 | _apol | ||
| 080 | _a519.68 | ||
| 942 | _cKS | ||
| 008 | s pl f |000 0 pol | ||
| 999 |
_c28438 _d28438 |
||
| 856 |
_uhttp://koha.tu.koszalin.pl/cgi-bin/koha/opac-detail.pl?biblionumber=28438 _yKatalog online BPK |
||